Qui a fait quoi - Maths - Statistiques

Statistiques générales
  • Ce quiz a été pris 28 fois
  • Le résultat moyen est 5 sur 15
Statistiques - réponses
Hint Réponse % Correct
Euclide Axiome géométrique
47%
Descartes Repère orthonormé
47%
Fibonacci Suite de lapin
47%
Hilbert Hotel infini
42%
Godel Théorème d'incomplétude
42%
Ératosthène Crible des nombres premiers
37%
Conway Jeu de la Vie
37%
Gauss Loi normale
37%
Poincaré Topologie moderne
37%
Zénon Paradoxe de la flèche
32%
Reimann Répartition des nombres premiers
32%
Cantor Théorie des ensembles
26%
Pascal Triangle multifonction
26%
Condorcet Scrutin parfois randomisé
21%
Nash Théorie des jeux
5%
Aucun quiz correspondant
Distribution des résultats
% des personnes avec chaque résultat
Percentile par nombre de réponses
Votre historique - résultats
Vous n’avez pas pris ce quiz